Industrial organization contemporary theory and empirical applications

Guardado en:
Detalles Bibliográficos
Autor principal: Pepall, Lynne
Otros Autores: Richards, Dan, Norman, George
Formato: Libro
Lenguaje:inglés
Publicado: Malden Blackwell Publishing 2011
Edición:4th ed.
Materias:
Etiquetas: Agregar Etiqueta
Sin Etiquetas, Sea el primero en etiquetar este registro!

MARC

LEADER 00000nam$a2200000$$$4500
001 0116616
005 20240226124312.7
020 |a 978-1-4051-7632-3 
041 0 |a eng 
044 |a US 
245 1 0 |a Industrial organization  |b contemporary theory and empirical applications  |c Lynne Pepall, Dan Richards, George Norman 
250 |a 4th ed. 
264 1 |a Malden  |b Blackwell Publishing  |c 2011 
300 |a 696 s. 
610 2 0 |a organizácia priemyslu 
610 2 0 |a veda ekonomická 
610 2 0 |a informácie ekonomické 
610 2 0 |a podnikanie 
610 2 0 |a vzťahy medzipodnikové 
610 2 0 |a politika verejná 
610 2 0 |a teória hier 
610 2 0 |a ekonometria 
100 1 |a Pepall, Lynne 
700 1 |a Richards, Dan 
700 1 |a Norman, George